000 00417nam a2200169Ia 4500
008 230524s9999 xx 000 0 und d
082 _a540
_bRAK
100 _aP.C.Rakshit
_96287
245 0 _aPhysical Chemistry
250 _a7TH
260 _aNEW DELHI
_bSarat Distb
_c2004
300 _aXI;838
500 _aQuantity Number: 25
650 _aChemistry
700 _a S.C.Rakshit(Revd by)
_945352
942 _cBK
999 _c35829
_d35829